Normale Ansicht MARC-Ansicht ISBD

Mehr Baukultur für Frankfurt. (Titelsatznr. 80721)

[ MARC ]
MARC-Details
000 -Satzkennung
Kontrollfeld mit fester Länge 00703nam a22001817a 4500
008 - Feld mit fester Länge zur physischen Beschreibung - Allgemeine Angaben
Kontrollfeld mit fester Länge 201130b ||||| |||| 00| 0 eng d
040 ## - Katalogisierungsquelle
Katalogisierungssprache ger
Übertragungsstelle STAFF
Beschreibungsfestlegungen rda
Original-Katalogisierungsstelle STAFF
041 ## - Sprachcode
Sprachcode des Textes/der Tonspur oder des separaten Titels ger
100 ## - Person oder Familie als 1. geistiger Schöpfer
Personenname Gutke, Thomas
245 ## - Titel
Haupttitel Mehr Baukultur für Frankfurt.
Titelzusatz Stadtverordnete beschließen nach aufwendigem Abstimmungsprozess das integrierte Stadtentwicklungskonzept (INSK) 2020-2030 /
Verantwortlichkeitsangabe Thomas Gutke
653 ## - Lokales Schlagwort
Nicht-normierter Term Frankfurt (Oder)
653 ## - Lokales Schlagwort
Nicht-normierter Term Stadtentwicklung
773 ## - Übergeordnete Einheit
Ort, Verlag und Erscheinungsjahr Frankfurt (Oder): Märkisches Verlags- und Druckhaus GmbH & Co KG
Verknüpfungsangaben 32. Jahrgang (2021) Nr. 38 vom 15.02.2021, S. 11
Titel Märkische Oderzeitung
942 ## - Zusätzliche Felder (Koha)
Koha-Medientyp Aufsätze
Exemplare
Ausgeschieden Verloren Beschädigt Nicht entleihbar Permanenter Standort Aktueller Standort Aufstellungsort Eingabedatum Anzahl Ausleihen Signatur Letzte Aktivität Preis gültig von Medientyp
        Stadtarchiv Frankfurt (Oder) | Archivbibliothek Stadtarchiv Frankfurt (Oder) | Archivbibliothek Magazin 17/02/2021   Z2 17/02/2021 17/02/2021 Aufsätze